| 000 | 00537nam a2200145 i 4500 | ||
|---|---|---|---|
| 001 | 184881 | ||
| 003 | ES-MaACL | ||
| 005 | 20230906222310.0 | ||
| 008 | 160215s1882 sp |||| | spa d | ||
| 110 | 0 |
_aBanco de Castilla. _92099 |
|
| 245 | 1 | 0 | _aMemoria leída en la Junta General de Accionistas del Banco de Castilla el día 30 de marzo de 1882. |
| 260 |
_aMadrid : _b[s.n.], _c1882 ( _fImp. de Miguel Ginesta) |
||
| 300 |
_a9, [4] p. ; _c25 cm. |
||
| 852 |
_aES-MaACL _jT-387-F-11 _z.- Enc. en un vol. facticio, falto de la cub. original |
||
| 999 |
_c184881 _d184881 |
||